| 000 | 00503nam a22001457a 4500 | ||
|---|---|---|---|
| 008 | 230801b |||||||| |||| 00| 0 eng d | ||
| 040 |
_aNational Science Library _cNational Science Library |
||
| 080 |
_a59.5.132+595.76 _bL4 |
||
| 245 | _aBiology and taxonomy of nematode parasites and associates of bark beetles in the United States | ||
| 260 |
_aWashington: _bUS Department of Commerce, _c1974 |
||
| 300 | _a233p. | ||
| 500 | _aAgriculture handbook no. 446 | ||
| 650 | _aHandbook | ||
| 942 |
_2udc _cREF |
||
| 999 |
_c56537 _d56537 |
||